| 000 | 00381pab a2200145 454500 | ||
|---|---|---|---|
| 008 | 180718b1986 xxu||||| |||| 00| 0 eng d | ||
| 100 | _aMahmud, S.K. | ||
| 245 |
_aProject formulation and implementation _bThe World Bank approach |
||
| 260 | _c1986 | ||
| 300 | _a25-37 | ||
| 362 | _aJuly-Dec. | ||
| 650 | _aProject Management | ||
| 773 | _aAdministration Journal | ||
| 909 | _a16222 | ||
| 999 |
_c16222 _d16222 |
||